000 00755nam a2200241 i 4500
001 bg
245 0 0 _aPublic relations w teorii i praktyce /
_cpod red. Beaty Ociepki.
260 _aWrocław :
_bWydaw. Uniwersytetu Wrocławskiego,
_c2002.
300 _a148 s. :
_bil., mapy ;
_c24 cm.
490 1 _aActa Universitatis Wratislaviensis,
_x0239-6661 ;
_vno 2347
504 _aBibliogr. przy pracach.
650 9 _aPublic relations
655 _aPodręczniki akademickie
700 1 _aOCIEPKA, Beata.
_eRed.
830 _aActa Universitatis Wratislaviensis,
_x0239-6661 ;
020 _a8322922183
040 _cBPK
041 0 _apl
080 _a659.4(075.8)
920 _a83-229-2218-3
942 _cKS
008 s pl f |000 0 pol
999 _c41487
_d41487
856 _uhttp://koha.tu.koszalin.pl/cgi-bin/koha/opac-detail.pl?biblionumber=41487
_yKatalog online BPK